[Event "Mittelfrank Regionalliga Nord-Ost 2223"]
[Site "Mittelfranken"]
[Date "2023.01.15"]
[Round "5.5"]
[White "Uphoff, Lennart"]
[Black "Heimrath, Wolfgang"]
[Result "1/2-1/2"]
[WhiteElo "2171"]
[BlackElo "2128"]
[PlyCount "150"]
[EventDate "2022.10.09"]
[EventType "team-tourn"]
[EventRounds "9"]
[EventCountry "GER"]
[SourceTitle "EXT 2024"]
[Source "ChessBase"]
[SourceDate "2023.10.10"]
[SourceVersion "1"]
[SourceVersionDate "2023.10.10"]
[SourceQuality "1"]
[WhiteTeam "Regensburg Bavaria II"]
[BlackTeam "Fuerth SG"]
[WhiteTeamCountry "GER"]
[BlackTeamCountry "GER"]

1. d4 Nf6 2. c4 e6 3. Nf3 Bb4+ 4. Nbd2 c5 5. a3 Bxd2+ 6. Bxd2 cxd4 7. Nxd4 Nc6 8. Nxc6 bxc6 9. c5 Ne4 10. Be3 0-0 11. Qc2 f5 12. g3 Rb8 13. 0-0-0 Rb5 14. Bg2 Ba6 15. Bxe4 fxe4 16. Rd4 Rb7 17. Rxe4 Qf6 18. Rf4 Qe5 19. Rxf8+ Kxf8 20. h4 Kg8 21. Rd1 Bc4 22. Rd4 Bb3 23. Qc3 Bd5 24. Qa5 h6 25. Rd2 Qe4 26. Bd4 Ba2 27. Rd3 Qxe2 28. Qd8+ Kh7 29. Qe7 Qg4 30. Bc3 Bd5 31. Rd4 Qg6 32. Rf4 Bb3 33. Re4 h5 34. Kd2 Bc2 35. Rd4 Bb3 36. Rxd7 Qc2+ 37. Ke3 Qc1+ 38. Bd2 Rxd7 39. Qxd7 Qxc5+ 40. Qd4 Qd5 41. Bc3 Qxd4+ 42. Kxd4 Kg8 43. Kc5 Ba4 44. Kb4 Bd1 45. Bd4 a6 46. Ka5 Be2 47. Kb6 Bb5 48. b3 g6 49. a4 Bd3 50. b4 Bc2 51. a5 Bd3 52. Kxc6 Kf7 53. Kd6 Bb5 54. Ke5 Be2 55. Kf4 Kg8 56. Kg5 Kh7 57. Kf6 Bc4 58. Be5 Kh6 59. Bf4+ Kh7 60. Bd2 e5 61. Kxe5 Kg7 62. Bc3 Kf7 63. Kf4 Be2 64. Kg5 Bb5 65. f3 Bd7 66. g4 hxg4 67. fxg4 Bb5 68. Kh6 Be2 69. g5 Bd3 70. Kh7 Be2 71. Bd4 Bd3 72. Bc5 Be2 73. Kh6 Bd3 74. h5 gxh5 75. Kxh5 Kg8 1/2-1/2

[Event "Mittelfranken-chTB1 1819"]
[Site "Mittelfranken"]
[Date "2019.02.10"]
[Round "5.3"]
[White "Heimrath, Wolfgang"]
[Black "Petzold, Vinzenz"]
[Result "1-0"]
[WhiteElo "2095"]
[BlackElo "1952"]
[PlyCount "103"]
[EventDate "2018.10.14"]
[EventType "team-tourn"]
[EventRounds "9"]
[EventCountry "GER"]
[SourceTitle "EXT 2022"]
[Source "ChessBase"]
[SourceDate "2021.10.06"]
[SourceVersion "1"]
[SourceVersionDate "2021.10.06"]
[SourceQuality "1"]
[WhiteTeam "Fuerth SG"]
[BlackTeam "Nuernberg Zabo Eintracht"]
[WhiteTeamCountry "GER"]
[BlackTeamCountry "GER"]

1. e4 c5 2. Nf3 Nc6 3. Bb5 g6 4. c3 Bg7 5. d4 cxd4 6. cxd4 Qb6 7. Nc3 e6 8. e5 Nge7 9. 0-0 0-0 10. Bxc6 bxc6 11. b3 Nd5 12. Ne4 f5 13. Nc5 a5 14. Re1 Qc7 15. a4 Re8 16. Ba3 Ba6 17. Rc1 Ra7 18. Qd2 Rea8 19. h4 Qd8 20. g3 Rb8 21. Kg2 h6 22. Qd1 Raa8 23. Nd2 Ra7 24. Nb1 Raa8 25. Nc3 Nxc3 26. Rxc3 Ra7 27. Qd2 Raa8 28. Rcc1 Ra7 29. Bb2 Raa8 30. Bc3 Bc8 31. Rb1 Kh7 32. Rb2 Ra7 33. Reb1 Rba8 34. b4 axb4 35. Bxb4 Bf8 36. a5 Bxc5 37. Bxc5 Ra6 38. Bb6 Qe7 39. Qc3 Qf8 40. Qc5 Qxc5 41. dxc5 Rb8 42. Rd1 Kg7 43. Rbd2 Rb7 44. f3 Kf7 45. g4 Ra8 46. Kg3 Ra6 47. Kf4 Ra8 48. gxf5 exf5 49. Rd6 Rbb8 50. Rg1 Ba6 51. Rxd7+ Ke6 52. Rd6+ 1-0

[Event "Mittelfranken-chTB2b 1213"]
[Site "Germany"]
[Date "2012.10.07"]
[Round "6.1"]
[White "Greul, Hans"]
[Black "Heimrath, Wolfgang"]
[Result "1/2-1/2"]
[WhiteElo "1985"]
[BlackElo "2064"]
[PlyCount "120"]
[EventDate "2012.10.07"]
[EventType "team-tourn"]
[EventRounds "9"]
[EventCountry "GER"]
[SourceTitle "EXT 2019"]
[Source "ChessBase"]
[SourceDate "2018.10.10"]
[SourceVersion "1"]
[SourceVersionDate "2018.10.10"]
[SourceQuality "1"]
[WhiteTeam "Muehlhof/Schwabach"]
[BlackTeam "Fuerth SG"]
[WhiteTeamCountry "GER"]
[BlackTeamCountry "GER"]

1. d4 Nf6 2. Nf3 e6 3. e3 b6 4. Be2 Bb7 5. 0-0 Be7 6. c4 Ne4 7. Qc2 0-0 8. Nc3 Nxc3 9. Qxc3 d6 10. b3 Nd7 11. Bb2 Nf6 12. Rfd1 Qe8 13. Rac1 c5 14. Nd2 Rc8 15. dxc5 bxc5 16. Qa5 a6 17. Bf3 Bxf3 18. Nxf3 Qc6 19. Rd3 Ne4 20. Rcd1 Ra8 21. Nd2 Bd8 22. Qa3 Nxd2 23. R3xd2 Bc7 24. Bc3 a5 25. Qa4 Qxa4 26. bxa4 Rfb8 27. Rb2 Rxb2 28. Bxb2 Rb8 29. Bc3 Kf8 30. Kf1 g6 31. e4 Ke7 32. Ke2 f5 33. f3 Kd7 34. Kd3 Kc6 35. Kc2 Rf8 36. Rd2 Re8 37. Re2 Kd7 38. h3 Rf8 39. Be1 Ke7 40. Kd3 Kd7 41. Rb2 fxe4+ 42. fxe4 Kc6 43. Rb5 Ra8 44. Bf2 Bb6 45. Ke2 h5 46. Be3 Ra7 47. Kf3 Rf7+ 48. Ke2 Rb7 49. Bd2 Ra7 50. Bc3 Ra6 51. Rb1 d5 52. exd5+ exd5 53. Rf1 d4 54. Rf6+ Kb7 55. Bd2 Bc7 56. Rxa6 Kxa6 57. Kd3 Kb6 58. Ke4 Kc6 59. g4 hxg4 60. hxg4 Kd6 1/2-1/2

[Event "Landesliga Nord 0607"]
[Site "Bayern"]
[Date "2006.12.10"]
[Round "4.6"]
[White "Heimrath, Wolfgang"]
[Black "Nuernberger, Stefan"]
[Result "0-1"]
[WhiteElo "2121"]
[BlackElo "2002"]
[PlyCount "106"]
[EventDate "2006.10.15"]
[EventType "team"]
[EventRounds "9"]
[EventCountry "GER"]
[SourceTitle "EXT 2008"]
[Source "ChessBase"]
[SourceDate "2007.11.25"]
[SourceVersion "1"]
[SourceVersionDate "2007.11.25"]
[SourceQuality "1"]
[WhiteTeam "Zirndorf"]
[BlackTeam "Marktleuthen"]
[WhiteTeamCountry "GER"]
[BlackTeamCountry "GER"]

1. e4 d6 2. f4 c5 3. Nf3 Nc6 4. Bc4 g6 5. 0-0 Bg7 6. f5 Nf6 7. d3 Na5 8. fxg6 hxg6 9. Bb5+ Bd7 10. a4 a6 11. Bxd7+ Qxd7 12. h3 0-0 13. Qe1 Nc6 14. Qh4 Nh7 15. Nc3 Nb4 16. Rf2 b5 17. a5 Bf6 18. Qg3 Qc7 19. Bh6 Bg7 20. Qh4 e6 21. Bxg7 Kxg7 22. Nh2 Qd8 23. Qg3 Nc6 24. Ng4 Nd4 25. Qf4 Ra7 26. Qh6+ Kg8 27. h4 b4 28. Nd1 f5 29. Nge3 f4 30. Ng4 e5 31. c3 Nb3 32. Qxg6+ Rg7 33. Qe6+ Kh8 34. Qxb3 Rxg4 35. cxb4 Qxh4 36. Qe6 Ng5 37. Qxd6 Rxg2+ 38. Kxg2 Qh3+ 39. Kg1 Nf3+ 40. Rxf3 Rg8+ 41. Kf2 Rg2+ 42. Ke1 Qxf3 43. Qh6+ Kg8 44. Qe6+ Kh7 45. Qf5+ Kh6 46. Qf6+ Kh5 47. Qxe5+ Kh4 48. Qf6+ Kh3 49. Qh6+ Kg3 50. Qg5+ Kh2 51. Qxg2+ Kxg2 52. bxc5 Qxd3 53. Rc1 f3 0-1

[Event "Oberliga Bayern 0506"]
[Site "Bayern"]
[Date "2005.11.13"]
[Round "2.4"]
[White "Eichler, Christoph"]
[Black "Heimrath, Wolfgang"]
[Result "1-0"]
[WhiteElo "2258"]
[BlackElo "2131"]
[PlyCount "155"]
[EventDate "2005.10.23"]
[EventType "team-tourn"]
[EventRounds "9"]
[EventCountry "GER"]
[SourceTitle "EXT 2007"]
[Source "ChessBase"]
[SourceDate "2006.11.23"]
[SourceVersion "1"]
[SourceVersionDate "2006.11.23"]
[SourceQuality "1"]
[WhiteTeam "Muenchen 36"]
[BlackTeam "Zirndorf"]
[WhiteTeamCountry "GER"]
[BlackTeamCountry "GER"]

1. e4 c6 2. d4 d5 3. exd5 cxd5 4. c4 Nf6 5. Nc3 Nc6 6. Bg5 Qa5 7. Qd2 Be6 8. Rd1 Rd8 9. Nb5 Qxd2+ 10. Bxd2 Rd7 11. Bf4 Kd8 12. c5 h6 13. Nf3 g5 14. Be5 g4 15. Bxf6 exf6 16. Ng1 b6 17. cxb6 Bb4+ 18. Nc3 Bxc3+ 19. bxc3 axb6 20. Bb5 Rc7 21. Ne2 Ne7 22. Kd2 Nf5 23. Nf4 Nd6 24. Bd3 Kd7 25. Rb1 Ra8 26. Rb2 Ra3 27. Rc1 Rca7 28. Rxb6 Rxa2+ 29. Ke3 R2a3 30. Rb8 Rc7 31. Kd2 Rb7 32. Rxb7+ Nxb7 33. Bb5+ Kc7 34. c4 dxc4 35. d5 Bd7 36. Rxc4+ Kd6 37. Bxd7 Kxd7 38. Nd3 Nd6 39. Rxg4 f5 40. Rh4 Ra5 41. Rxh6 Rxd5 42. Ke2 Ke7 43. h4 Ne4 44. Ke3 Nc3 45. Nb4 Nd1+ 46. Ke2 Nc3+ 47. Kf3 Rd2 48. Ra6 Kf8 49. Ra5 Rd4 50. Nc6 Rc4 51. Ra8+ Kg7 52. Ne7 Kf6 53. Ng8+ Kg7 54. g3 Ne4 55. Ne7 Kf6 56. Nd5+ Kg7 57. Ne3 Rc5 58. Ra2 Nf6 59. Rc2 Rb5 60. Rc4 Kg6 61. Rc6 Kg7 62. Ra6 Ne4 63. Ra2 Nf6 64. Kf4 Nd5+ 65. Nxd5 Rxd5 66. Kg5 f6+ 67. Kf4 Kg6 68. Ra6 Rd4+ 69. Kf3 Rb4 70. Rd6 Rb3+ 71. Ke2 Rb2+ 72. Ke3 Rb4 73. Rd4 Rb3+ 74. Kf4 Rb5 75. f3 Rb1 76. h5+ Kxh5 77. Kxf5 Rb6 78. Rh4# 1-0

[Event "Oberliga Bayern 0405"]
[Site "Bayern"]
[Date "2005.01.30"]
[Round "6.6"]
[White "Burggraf, Michael"]
[Black "Heimrath, Wolfgang"]
[Result "1-0"]
[WhiteElo "2074"]
[BlackElo "2131"]
[PlyCount "85"]
[EventDate "2004.10.24"]
[EventType "team-tourn"]
[EventRounds "9"]
[EventCountry "GER"]
[SourceTitle "EXT 2020"]
[Source "ChessBase"]
[SourceDate "2019.10.17"]
[SourceVersion "1"]
[SourceVersionDate "2019.10.17"]
[SourceQuality "1"]
[WhiteTeam "Forchheim SC II"]
[BlackTeam "Zirndorf"]
[WhiteTeamCountry "GER"]
[BlackTeamCountry "GER"]

1. e4 c6 2. d4 d5 3. f3 e5 4. dxe5 Bc5 5. Bd3 Bxg1 6. Rxg1 dxe4 7. Bxe4 Qa5+ 8. Nc3 Qxe5 9. Qe2 Ne7 10. g3 Bf5 11. Bf4 Qd4 12. Be3 Qe5 13. 0-0-0 0-0 14. Bf4 Qf6 15. Rd6 Be6 16. h4 Ng6 17. Bg5 Qe5 18. Qd2 f5 19. h5 fxe4 20. hxg6 hxg6 21. Bf4 Qc5 22. Rh1 e3 23. Qh2 Rxf4 24. Rxe6 Kf7 25. Ne4 Qa5 26. Rd6 Rxf3 27. Qe2 Rf5 28. Qc4+ Rd5 29. Nc3 Qc5 30. Qxc5 Rxc5 31. Rd8 Re5 32. Rf1+ Ke7 33. Rff8 Nd7 34. Rfe8+ Kd6 35. Rxd7+ Kxd7 36. Rxe5 Rf8 37. Rxe3 Rf2 38. Ne4 Rg2 39. b4 Kc7 40. Kb2 Kb6 41. Kb3 Kc7 42. Nc5 b6 43. Ne6+ 1-0